Statistics for Regular Show Character Picture Quiz

Click here to take the quiz!

General Stats

  • This quiz has been taken 76 times
  • The average score is 8 of 10

Answer Stats

Answer% Correct
Rigby
99%
Benson
94%
Pops
94%
Skips
93%
Muscle Man
91%
Mordecai
88%
Hi-Five Ghost
81%
Margaret
75%
Starla
62%
Eileen
57%

Score Distribution

Percentile by Number Answered

Percent of People with Each Score

Your Score History

You have not taken this quiz